| 000 | 00586nam a22001817a 4500 | ||
|---|---|---|---|
| 999 |
_c191362 _d191362 |
||
| 005 | 20220825105820.0 | ||
| 010 | _aENG-134672 | ||
| 020 |
_a9788194705963 _c205.00 |
||
| 035 | _aEN-118204 | ||
| 037 | _bDBAD/PUB | ||
| 082 | _a510 | ||
| 100 | _aDas, A.N. | ||
| 245 |
_aAlgebra: _bHCC-II, as per CBCS syllabus/ _cA.N. Das |
||
| 260 |
_aKolkata _bBooks & Allied (P) Ltd. _c2020 |
||
| 270 |
_aNo. 1-E(1) "Shubham Plaza" (1st Floor) 83/1, Beliaghata Main Road _bKolkata _mbooksandallied1960@gmail.com _e700010 |
||
| 300 |
_a203p. _c24cm(pbk) |
||
| 942 |
_2ddc _cEN _h510 _mDAS |
||